01527nam a2200349 a 4500001001000000003000500010005001700015008004100032010001100073011001100084040000900095090001000104100004200114245015400156260004200310500006000352502011200412590004100524590004000565590004000605590004000645650003300685650003700718650003400755856007000789901000700859942001000866942000600876999001900882952014000901952013601041000109022CHAP20220329144034.0140328s2013 mx a sm |||||||spa d a105484 a106456 cCHAP aTesis1 aHernández Pérez, Adrián912612310aClasificación y cartografía de suelo con el apoyo del conocimiento local en Candelaria, Campecheh[En línea]cpor Adrián Hernández Pérez. aChapingo, Méx. :bEl autor.,c2013. aPara ver el contenido del material haga clic en la liga aTesis (Ing. Agr. Esp. en Suelos) -- UACH. Departamento de Enseñanza, Investigación y Servicio en Suelos aBATCH-UPDb05c20141002lUCH01h0859 aE5652GLJb05c20140328lUCH01h1143 aE5652GLJb05c20140328lUCH01h1143 aE5652GLJb05c20141029lUCH01h125314aCultivosxVariedades.93033214aSuelosxClasificación.911023914aSuelosxEvaluación.9110364 aFinding aiduhttp://10.13.5.2/tesis/sist109022.pdfzTeclea aquí aBK cTESIS n0 c105484d105484 00102local4053708TESISaBCbBCcPA_TESISd2014-03-28fTESISl0oTesisp33724002382256r2019-12-31 00:00:00tc.2w2019-12-31yTESIS 00104054718TESISaBCbBCd2014-03-28fTESISl0oTesisp33724002382298r2019-12-31 00:00:00w2019-12-31yTESISzRecien adquirido